India-Maldives-Sri Lanka Triangle: Maritime Security and Indian Ocean Diplomacy (Record no. 395560)

MARC details
000 -LEADER
fixed length control field 00358 a2200133 4500
000 - LEADER
fixed length control field nam a22 7a 4500
100 ## - MAIN ENTRY--PERSONAL NAME
Personal name Manish Tiwari
110 ## - MAIN ENTRY--CORPORATE NAME
Corporate name or jurisdiction name as entry element Manish Tiwari
245 ## - TITLE STATEMENT
Title India-Maldives-Sri Lanka Triangle: Maritime Security and Indian Ocean Diplomacy
250 ## - EDITION STATEMENT
Edition statement latest edition
260 ## - PUBLICATION, DISTRIBUTION, ETC.
Name of publisher, distributor, etc. editor
Date of publication, distribution, etc. 2026
264 ## - PRODUCTION, PUBLICATION, DISTRIBUTION, MANUFACTURE, AND COPYRIGHT NOTICE
Name of producer, publisher, distributor, manufacturer editor
Date of production, publication, distribution, manufacture, or copyright notice 2026
942 ## - ADDED ENTRY ELEMENTS (KOHA)
Koha item type Books
Holdings
Date last seen Total checkouts Barcode Cost, replacement price Price effective from Koha item type Lost status Source of classification or shelving scheme Damaged status Not for loan Withdrawn status Home library Current library Date acquired Source of acquisition Cost, normal purchase price
02/02/2026   438000 1895.00 02/02/2026 Books   Dewey Decimal Classification       VIVEKANANDA LIBRARY VIVEKANANDA LIBRARY 02/02/2026 50 1421.25
© Designed and Maintained by Vivekananda Library, MDU Rohtak